000 00352nam a22001457a 4500
020 _qPB.
040 _cFIZZA ISHAQ
082 _a005.72
_bSHU
100 _aLIN,SHU.
_974010
245 _aERROR CONTROL CODING FUNDAMENTALS AND APPLICATIONS /
_cSHU LIN.
250 _a2nd ED.
260 _aSPRINGER ;
_c2011.
300 _a1260 P. ;
942 _2ddc
_cBK
999 _c589661
_d589661